Relaciones de causalidad entre la tasa de interés y la base monetaria. (Registro nro. 15118)
[ vista simple ]
| 000 -LEADER | |
|---|---|
| fixed length control field | 00385 a2200121 4500 |
| 001 - CONTROL NUMBER | |
| control field | ART_17815 |
| 005 - DATE AND TIME OF LATEST TRANSACTION | |
| control field | 20260410161700.0 |
| 008 - FIXED-LENGTH DATA ELEMENTS--GENERAL INFORMATION | |
| fixed length control field | 260409a |
| 100 1# - MAIN ENTRY--PERSONAL NAME | |
| Personal name | Leone, Alfredo Mario |
| 245 10 - TITLE STATEMENT | |
| Title | Relaciones de causalidad entre la tasa de interés y la base monetaria. |
| 700 1# - ADDED ENTRY--PERSONAL NAME | |
| Personal name | Dueñas, Daniel E. |
| 773 0# - HOST ITEM ENTRY | |
| Title | Ensayos Económicos |
| Related parts | - Nº 34 (jun. 1985) |
| Record control number | REV620 |
No hay ítems disponibles.